| 000 | 01827cam a22004934i 4500 | ||
|---|---|---|---|
| 003 | PE-LiUPU | ||
| 005 | 20250731165627.0 | ||
| 008 | 150616s r 000 0 d | ||
| 020 | _a8425416353 | ||
| 035 | _a(Sirsi) i9788425416354 | ||
| 040 |
_aPE-LiUPU _bspa _cPE-LiUPU _erda |
||
| 049 | _aPRUA | ||
| 082 | 0 | 4 |
_a230.3 _bE33 _221 |
| 100 | 1 |
_aEicher, Peter, _eautor. |
|
| 245 | 1 | 0 | _aDiccionario de Conceptos Teológicos. Magisterio - Verdad. |
| 264 | 1 |
_aBarcelona : _bEditorial Herder, _c1990. |
|
| 300 |
_a642 páginas ; _c25 centímetros |
||
| 336 |
_atext _2rdacontent |
||
| 337 |
_aunmediated _2rdamedia |
||
| 338 |
_avolume _2rdacarrier |
||
| 505 | 0 | _aMagisterio.- María-mariología.- Mujer-hombre.- Palabra de Dios.- Papado.- Paz.- Pobreza.- Profecía.- Sínodo-concilio.- Teologías modernas.- Tradición.- Verdad certeza.-diccionarios: Teologico. | |
| 526 | _aSEG44 | ||
| 526 | _aSEG26 | ||
| 526 | _aP151 | ||
| 526 | _aP150 | ||
| 526 | _aP149 | ||
| 526 | _aP146 | ||
| 526 | _aP145 | ||
| 526 | _aP126 | ||
| 526 | _aP125 | ||
| 526 | _aP92 | ||
| 526 | _aP75 | ||
| 526 | _aP74 | ||
| 526 | _aP27 | ||
| 526 | _aP15 | ||
| 650 | 0 | 4 | _aTEOLOGIA - DICCIONARIOS (MAGISTERIO-VERDAD). |
| 910 |
_ajck _bjvq _cjck |
||
| 942 |
_2ddc _cBOOK |
||
| 949 |
_aRC 230.3 E33 _wDEWEY _c1 _i39715 _lCCODEBUL1 _mBUL _r0 _sY _tBOOK _u2015-6-16 _xTEOLOGIA _zUNKNOWN _0COMPRA _o.CIRCNOTE. No olvidar cambiar la fecha de devolución!!!!!!! _o.STAFF. Colección General |
||
| 994 |
_aC0 _bPEPRU |
||
| 596 | _a1 | ||
| 999 |
_aRC 230.3 E33 _wDEWEY _c57366 _i39715 _d57366 _f2021-11-8 _g6 _lCCODEBUL1 _mBUL _q7 _r1 _sY _tBOOK _u2015-6-16 _xTEOLOGIA _zUNKNOWN _0COMPRA _o.CIRCNOTE. No olvidar cambiar la fecha de devolución!!!!!!! _o.STAFF. Colección General |
||
| 980 |
_81 _gALBERTO SANCHEZ Responsable de Automatización |
||